<?xml version="1.0" encoding="UTF-8"?>
<record
    xmlns:xsi="http://www.w3.org/2001/XMLSchema-instance"
    xsi:schemaLocation="http://www.loc.gov/MARC21/slim http://www.loc.gov/standards/marcxml/schema/MARC21slim.xsd"
    xmlns="http://www.loc.gov/MARC21/slim">

  <leader>01657nam0a2200421   4500</leader>
  <controlfield tag="001">RU\NLR\BIBL_A\022522973</controlfield>
  <controlfield tag="005">20260420043212.0</controlfield>
  <datafield tag="010" ind1=" " ind2=" ">
    <subfield code="a">978-5-6053149-1-2</subfield>
  </datafield>
  <datafield tag="010" ind1=" " ind2=" ">
    <subfield code="a">978-5-6053149-0-5</subfield>
    <subfield code="9">200</subfield>
  </datafield>
  <datafield tag="021" ind1=" " ind2=" ">
    <subfield code="a">RU</subfield>
    <subfield code="b">&#x41A;&#x41D;-&#x41F;-25-010664</subfield>
    <subfield code="9">&#x41A;&#x41D;-&#x41F;-25-1081</subfield>
  </datafield>
  <datafield tag="035" ind1=" " ind2=" ">
    <subfield code="a">(NLR Aleph) 022522973</subfield>
  </datafield>
  <datafield tag="090" ind1=" " ind2=" ">
    <subfield code="a">13671674</subfield>
    <subfield code="c">13671674</subfield>
  </datafield>
  <datafield tag="100" ind1=" " ind2=" ">
    <subfield code="a">20250415d2025    k  y0rusy50      ca</subfield>
  </datafield>
  <datafield tag="101" ind1="0" ind2=" ">
    <subfield code="a">rus</subfield>
    <subfield code="a">tat</subfield>
  </datafield>
  <datafield tag="102" ind1=" " ind2=" ">
    <subfield code="a">RU</subfield>
  </datafield>
  <datafield tag="105" ind1=" " ind2=" ">
    <subfield code="a">y   z   000yy</subfield>
  </datafield>
  <datafield tag="181" ind1=" " ind2="0">
    <subfield code="a">i </subfield>
    <subfield code="b">axxe  </subfield>
  </datafield>
  <datafield tag="182" ind1=" " ind2="0">
    <subfield code="a">n</subfield>
  </datafield>
  <datafield tag="200" ind1="1" ind2=" ">
    <subfield code="a">&#x422;&#x435;&#x43B;&#x435; &#x431;&#x430;&#x440;&#x43D;&#x44B;&#x4A3; &#x438;&#x43B;&#x435; &#x431;&#x430;&#x440;</subfield>
    <subfield code="d">&#x420;&#x43E;&#x434;&#x43D;&#x43E;&#x439; &#x44F;&#x437;&#x44B;&#x43A; &#x2013; &#x445;&#x440;&#x430;&#x43D;&#x438;&#x442;&#x435;&#x43B;&#x44C; &#x43D;&#x430;&#x440;&#x43E;&#x434;&#x430;</subfield>
    <subfield code="f">&#x420;. &#x410;. &#x42E;&#x441;&#x443;&#x43F;&#x43E;&#x432;</subfield>
    <subfield code="z">rus</subfield>
  </datafield>
  <datafield tag="203" ind1=" " ind2=" ">
    <subfield code="a">&#x422;&#x435;&#x43A;&#x441;&#x442;</subfield>
    <subfield code="b">&#x432;&#x438;&#x437;&#x443;&#x430;&#x43B;&#x44C;&#x43D;&#x44B;&#x439;</subfield>
    <subfield code="c">&#x43D;&#x435;&#x43F;&#x43E;&#x441;&#x440;&#x435;&#x434;&#x441;&#x442;&#x432;&#x435;&#x43D;&#x43D;&#x44B;&#x439;</subfield>
  </datafield>
  <datafield tag="210" ind1=" " ind2=" ">
    <subfield code="a">&#x41A;&#x430;&#x437;&#x430;&#x43D;</subfield>
    <subfield code="c">&#x41E;&#x41E;&#x41E; "45"</subfield>
    <subfield code="d">2025 (&#x43F;&#x435;&#x447;. 2024)</subfield>
  </datafield>
  <datafield tag="215" ind1=" " ind2=" ">
    <subfield code="a">450, [1] &#x441;.</subfield>
    <subfield code="d">21</subfield>
  </datafield>
  <datafield tag="300" ind1=" " ind2=" ">
    <subfield code="a">&#x422;&#x435;&#x43A;&#x441;&#x442; &#x440;&#x443;&#x441;., &#x442;&#x430;&#x442;&#x430;&#x440;.</subfield>
  </datafield>
  <datafield tag="320" ind1=" " ind2=" ">
    <subfield code="a">&#x414;&#x440;&#x443;&#x433;&#x438;&#x435; &#x442;&#x440;. &#x430;&#x432;&#x442;., &#x43B;&#x438;&#x442;. &#x43E; &#x43D;&#x451;&#x43C;: &#x441;. 361&#x2013;448.</subfield>
  </datafield>
  <datafield tag="333" ind1=" " ind2=" ">
    <subfield code="a">12+</subfield>
  </datafield>
  <datafield tag="541" ind1="1" ind2=" ">
    <subfield code="6">z01790</subfield>
    <subfield code="a">&#x420;&#x43E;&#x434;&#x43D;&#x43E;&#x439; &#x44F;&#x437;&#x44B;&#x43A; - &#x445;&#x440;&#x430;&#x43D;&#x438;&#x442;&#x435;&#x43B;&#x44C; &#x43D;&#x430;&#x440;&#x43E;&#x434;&#x430;.</subfield>
    <subfield code="z">rus</subfield>
  </datafield>
  <datafield tag="606" ind1="1" ind2=" ">
    <subfield code="a">&#x422;&#x430;&#x442;&#x430;&#x440;&#x441;&#x43A;&#x438;&#x439; &#x44F;&#x437;&#x44B;&#x43A;</subfield>
    <subfield code="9">1481084</subfield>
    <subfield code="3">RU\NLR\AUTH\66630778</subfield>
  </datafield>
  <datafield tag="606" ind1="1" ind2=" ">
    <subfield code="a">&#x42F;&#x437;&#x44B;&#x43A;&#x43E;&#x432;&#x430;&#x44F; &#x43F;&#x43E;&#x43B;&#x438;&#x442;&#x438;&#x43A;&#x430;</subfield>
    <subfield code="y">&#x422;&#x430;&#x442;&#x430;&#x440;&#x441;&#x442;&#x430;&#x43D;, &#x420;&#x435;&#x441;&#x43F;&#x443;&#x431;&#x43B;&#x438;&#x43A;&#x430;</subfield>
    <subfield code="9">2220904</subfield>
    <subfield code="3">RU\NLR\AUTH\661333598</subfield>
  </datafield>
  <datafield tag="686" ind1="1" ind2=" ">
    <subfield code="a">&#x428;163.23 &#x44F;44</subfield>
  </datafield>
  <datafield tag="686" ind1="1" ind2=" ">
    <subfield code="a">&#x428;121(2=&#x422;&#x430;&#x442;)</subfield>
  </datafield>
  <datafield tag="700" ind1=" " ind2="1">
    <subfield code="a">&#x42E;&#x441;&#x443;&#x43F;&#x43E;&#x432;</subfield>
    <subfield code="b">&#x420;. &#x413;. &#x443;&#x43B;&#x44B;</subfield>
    <subfield code="f">1938-</subfield>
    <subfield code="g">&#x420;&#x4AF;&#x437;&#x4D9;&#x43B; &#x413;&#x430;&#x431;&#x434;&#x443;&#x43B;&#x43B;&#x430;&#x497;&#x430;&#x43D; &#x443;&#x43B;&#x44B;</subfield>
  </datafield>
  <datafield tag="790" ind1=" " ind2="1">
    <subfield code="7">ca</subfield>
    <subfield code="8">rus</subfield>
    <subfield code="a">&#x42E;&#x441;&#x443;&#x43F;&#x43E;&#x432;</subfield>
    <subfield code="b">&#x420;. &#x410;.</subfield>
    <subfield code="f">1938-</subfield>
    <subfield code="g">&#x420;&#x443;&#x437;&#x430;&#x43B;&#x44C; &#x410;&#x431;&#x434;&#x443;&#x43B;&#x43B;&#x430;&#x437;&#x44F;&#x43D;&#x43E;&#x432;&#x438;&#x447;</subfield>
    <subfield code="9">130284</subfield>
    <subfield code="3">RU\NLR\auth-onl\77224</subfield>
  </datafield>
  <datafield tag="942" ind1=" " ind2=" ">
    <subfield code="c">BOOK</subfield>
  </datafield>
  <datafield tag="980" ind1=" " ind2=" ">
    <subfield code="a">NB</subfield>
  </datafield>
</record>
